Statystyki dla Postacie II wojny światowej

Kliknij tutaj aby rozwiązać quiz!

Ogólne statystyki

  • Ten quiz został rozwiązany 1 554 razy
  • Średni wynik to 16 z 37

Statystyki odpowiedzi

HintOdpowiedź% Poprawnych
Kanclerz III RzeszyAdolf Hitler
98%
Przywódca ZSRR w czasie II wojny światowejJózef Stalin
90%
Premier Wielkiej Brytanii, jeden z twórców Wielkiej TrójkiWinston Churchill
79%
Główny założyciel i przywódca ruchu faszystowskiegoBenito Mussolini
71%
Prezydent Stanów Zjednoczonych w czasie II wojny światowejFranklin D. Roosevelt
70%
Minister propagandy III RzeszyJoseph Goebbels
68%
Dowódca 2. Korpusu Polskiego, uczestnik kampanii włoskiej i bitwy pod Monte CassinoWładysław Anders
66%
Minister Spraw Zagranicznych ZSRRWiaczesław Mołotow
64%
Dowódca Afrika Korps podczas walk w Afryce Północnej, ze względu na swoją przebiegłość otrzymał przydomek "Lisa Pustyni"Erwin Rommel
63%
Minister spraw wewnętrznych III RzeszyHeinrich Himmler
59%
Generał amerykański, dowodził 3 Armią USAGeorge S. Patton
55%
Naczelny Wódz Wojska Polskiego podczas kampanii wrześniowejEdward Rydz-Śmigły
54%
Radziecki dowódca wojskowy, zastępca naczelnego wodza podczas II wojny światowej, brał udział między innymi w bitwie na Łuku KurskimGieorgij Żukow
54%
Rotmistrz kawalerii Wojska Polskiego, więzień i organizator ruchu oporu w KL AuschwitzWitold Pilecki
54%
Stał na czele Komitetu Wolnej FrancjiCharles de Gaulle
52%
Generał dywizji Wojska Polskiego, dowódca 1. Dywizji PancernejStanisław Maczek
50%
Dowódca sił brytyjskich w Afryce Północnej i na Bliskim WschodzieBernard Law Montgomery
48%
Minister lotnictwa III Rzeszy i naczelny dowódca sił powietrznychHermann Göring
45%
Minister spraw zagranicznych RP w chwili wybuchu II wojny światowejJózef Beck
45%
Dowódca wojsk amerykańskich na PacyfikuDouglas MacArthur
40%
Szef rządu VichyPhilippe Pétain
40%
Generał pułkownik Wehrmachtu, autor koncepcji „blitzkriegu”Heinz Guderian
36%
Japoński admirał, jeden z najwybitniejszych dowódców Japońskiej Cesarskiej Marynarki WojennejIsoroku Yamamoto
33%
Pierwszy niemiecki feldmarszałek, który podczas działań II wojny światowej skapitulował i dał się wziąć do niewoliFriedrich Paulus
32%
Marszałek radziecki oraz polski, dowódca 2. Frontu BiałoruskiegoKonstanty Rokossowski
32%
Zastępca Komendanta Głównego AK, posługiwał się pseudonimem „Nil”August Emil Fieldorf
25%
Ludowy Komisarz Spraw Wewnętrznych ZSRRŁawrientij Beria
24%
Niemiecki pułkownik, wykonawca nieudanego zamachu na führera z 20 lipca 1944 rokuClaus von Stauffenberg
23%
Ostatni komendant główny Armii KrajowejLeopold Okulicki
21%
Radziecki dowódca wojskowy, jeden z głównodowodzących w bitwie o BerlinIwan Koniew
17%
Główny koordynator i wykonawca planu ostatecznego rozwiązania kwestii żydowskiejAdolf Eichmann
15%
Generał Cesarskiej Armii JapońskiejHideki Tōjō
14%
Major Wojska Polskiego, zorganizował Oddział Wydzielony Wojska Polskiego na terenie okupowanego krajuHenryk Dobrzański
11%
Szef sztabu US ArmyGeorge C. Marshall
7%
Oficer RAF-u i jego naczelny dowódca w czasie bitwy o AnglięHugh Dowding
5%
Brytyjski oficer Royal Navy, naczelny dowódca Królewskiej Marynarki Wojennej i szef Sztabu MorskiegoAndrew Cunningham
3%
Admirał United States Navy, dowódca Floty Pacyfiku w momencie ataku na Pearl HarborHusband E. Kimmel
3%

Rozkład punktacji

Percentyl według liczby udzielonych odpowiedzi

Procent ludzi z każdym wynikiem

Twoja historia wyników

Nie rozwiązałeś tego quizu